000 00597nam a2200181Ia 4500
008 090123s9999 xx 000 0 und d
082 _b36026
100 _aखांबेटे द.पा.
245 _aगाजलेले गुप्तहेर
250 _a0
260 _bश्रीकल्प प्रकाशन
_c2003
300 _a191
600 _aखांबेटे द.पा.
630 _aगाजलेले गुप्तहेर
700 _aखांबेटे द.पा.
730 _aगाजलेले गुप्तहेर
942 _cBOOK
999 _c74094
_d74094